| 000 | 01702nam a2200409 a 4500 | ||
|---|---|---|---|
| 005 | 20160105121123.0 | ||
| 008 | 150305b2000 -cn||||| |||| 00| 0 spa d | ||
| 020 | _a1551052725 | ||
| 040 |
_aCO-BoIAVH _cCO-BoIAVH |
||
| 041 | _aspa | ||
| 044 | _acn | ||
| 082 | 0 | 4 |
_a578.09866 _bJ61f |
| 090 |
_aLB _b05460 |
||
| 100 | 1 |
_aJiggins, Christopher _d1971- _946612 |
|
| 245 | 1 | 0 |
_aFlora y fauna: _bguía del Sur Occidente del Ecuador: proyecto bosques de Sozoranga/ _cChris Jiggins, Pablo Andrade, Eduardo Cueva, Sarah Dixon, Isabel Isherwood y Jake Willis. Ilistraciones de Ian Sheldon y Ted Nordhagen. |
| 246 |
_aEcuador nature guide: _bsouthwest forests. |
||
| 260 |
_aLoja: _bLone Pine Publishing, _c2000. |
||
| 300 |
_a95 p. _bfotografías a color _c21 cm. |
||
| 490 | _aEdiciones Naturaleza | ||
| 504 | _aIncluye índice de nombres en inglés, español y científicos (pag. 93-96) | ||
| 505 | _aBosque Seco de Ceibo. Hacienda Jujal. Tambo Negro. Bosque perificado del Puyango. Bosque nublado de Nogal. Reseva natural El Tundo. Jatumpamba. | ||
| 534 |
_pTraducido del inglés: _tEcuador nature guide: southwest forests. |
||
| 650 | 1 | 4 |
_aConservación biológica _zEcuador _946613 |
| 650 | 2 | 4 |
_aFauna _zEcuador _946614 |
| 650 | 2 | 4 |
_aAves _zEcuador _946615 |
| 650 | 2 | 4 |
_aZoología _zEcuador _946616 |
| 650 | 2 | 4 |
_aFauna _zEcuador _946617 |
| 700 | 1 |
_aAndrade, Pablo _946618 |
|
| 700 | 1 |
_aCueva, Eduardo _914152 |
|
| 700 | 1 |
_aDixon, Sarah _933306 |
|
| 700 | 1 |
_aIsherwood, Isabel _933307 |
|
| 700 | 1 |
_aWillis, Jake _933308 |
|
| 700 | 1 |
_aSheldon, Ian _eilustrador _933309 |
|
| 700 | 1 |
_aAndrade, Pablo _eilustrador _946619 |
|
| 700 | 1 |
_aNordhagen, Ted _eilustrador _933311 |
|
| 942 |
_cLIBRO _2ddc |
||
| 999 |
_c6892 _d6892 |
||